000 00430nam a22001697a 4500
999 _c3800
_d3757
008 190819b ||||| |||| 00| | eng d
020 _a9786054233427
041 _atur
050 _aPL248.T364
100 _9357
_aTamer, Ülkü
245 _aKırıp Dökmeden
250 _a1.Baskı
260 _aİstanbul:
_bİKÜ Yayınevi
_cEkim 2010
300 _aV, 114 Sayfa
_c23 cm
650 0 _9145
_aTürk Edebiyatı
942 _2lcc
_cBK